000 00214nam a22000857a 4500
008 170213b xxu||||| |||| 00| 0 eng d
100 _92871
_aCBSE
245 _aAccounting for Business-XI
260 _aNew Delhi
_bCBSE
_c2007
999 _c6090
_d6090